Lokasāhitya : sājaśiṇagāra. (Record no. 67391)

MARC details
000 -LEADER
fixed length control field 00667cam a22002411 4500
001 - CONTROL NUMBER
control field sa 66000770
003 - CONTROL NUMBER IDENTIFIER
control field DLC
005 - DATE AND TIME OF LATEST TRANSACTION
control field 20260227112217.0
008 - FIXED-LENGTH DATA ELEMENTS--GENERAL INFORMATION
fixed length control field 890621s1965 ii a 000 0 maro
010 ## - LIBRARY OF CONGRESS CONTROL NUMBER
LC control number sa 66000770
035 ## - SYSTEM CONTROL NUMBER
System control number (OCoLC)19906194
040 ## - CATALOGING SOURCE
Original cataloging agency DLC
Transcribing agency WaU
Modifying agency DLC
042 ## - AUTHENTICATION CODE
Authentication code premarc
043 ## - GEOGRAPHIC AREA CODE
Geographic area code a-ii---
050 00 - LIBRARY OF CONGRESS CALL NUMBER
Classification number GR305.5.M3
Item number B2
100 1# - MAIN ENTRY--PERSONAL NAME
Personal name Babar, Sarojini Krishnarao,
Dates associated with a name 1920-
245 10 - TITLE STATEMENT
Title Lokasāhitya : sājaśiṇagāra.
260 ## - PUBLICATION, DISTRIBUTION, ETC.
Date of publication, distribution, etc. [1965?]
300 ## - PHYSICAL DESCRIPTION
Extent 16, 253 p.
Other physical details illus. (1 col.)
Dimensions 25 cm.
500 ## - GENERAL NOTE
General note In Marathi.
500 ## - GENERAL NOTE
General note Includes biographical sketches of the contributors.
650 #0 - SUBJECT ADDED ENTRY--TOPICAL TERM
Topical term or geographic name entry element Folklore
Geographic subdivision India
-- Maharashtra.

No items available.

Powered by Koha